Workshop on pulsating B stars (Record no. 7293)

MARC details
000 -LEADER
fixed length control field 00703nam a2200193Ia 4500
003 - CONTROL NUMBER IDENTIFIER
control field IN-BaIIA
008 - FIXED-LENGTH DATA ELEMENTS--GENERAL INFORMATION
fixed length control field 211028s9999 xx 000 0 eng d
040 ## - CATALOGING SOURCE
Transcribing agency IIA Library
080 ## - UNIVERSAL DECIMAL CLASSIFICATION NUMBER
Universal Decimal Classification number 524.31(063)
Item number WOR
111 ## - MAIN ENTRY--MEETING NAME
Meeting name or jurisdiction name as entry element Workshop on Pulsating B Stars
Location of meeting France
Date of meeting or treaty signing 1981 June 1-5
9 (RLIN) 12476
245 #0 - TITLE STATEMENT
Title Workshop on pulsating B stars
Remainder of title proceedings of the Workshop held at Nice Observatory, France, 1981 June 1-5
Statement of responsibility, etc. edited by Sterken C.
260 ## - PUBLICATION, DISTRIBUTION, ETC.
Place of publication, distribution, etc. France
Name of publisher, distributor, etc. Nice Observatory
Date of publication, distribution, etc. 1981
300 ## - PHYSICAL DESCRIPTION
Extent 420p.
650 ## - SUBJECT ADDED ENTRY--TOPICAL TERM
Topical term or geographic name entry element Astronomy and astrophysics thesaurus
650 ## - SUBJECT ADDED ENTRY--TOPICAL TERM
Topical term or geographic name entry element B Stars
9 (RLIN) 12351
700 ## - ADDED ENTRY--PERSONAL NAME
Personal name Sterken, C., ed.
9 (RLIN) 12477
710 ## - ADDED ENTRY--CORPORATE NAME
Corporate name or jurisdiction name as entry element Nice Observatory
9 (RLIN) 12478
942 ## - ADDED ENTRY ELEMENTS (KOHA)
Koha item type Books
Holdings
Withdrawn status Lost status Damaged status Not for loan Home library Current library Shelving location Date acquired Total Checkouts Full call number Barcode Date last seen Price effective from Koha item type
        IIA Library-Bangalore IIA Library-Bangalore General Stacks 09/03/1983   524.31(063)/ WOR 8095 05/11/2021 09/03/1983 Books

Powered by Koha